Annals of Internal Medicine (Ed. en español) (Registro nro. 1052)

Detalles MARC
000 -LEADER
fixed length control field 00518nas a22001817a 4500
008 - CAMPO DE CONTROL RECURSOS CONTINUADOS
fixed length control field 120627t20019999ag ||||| |||| 00| 0 spa d
022 ## - INTERNATIONAL STANDARD SERIAL NUMBER
International Standard Serial Number 1666-3209
245 ## - TITULO
Titulo Annals of Internal Medicine (Ed. en español)
260 ## - PUBLICACION, DISTRIBUCION, ETC. (PIE DE IMPRENTA)
Lugar de publicación, distribución, etc Córdoba :
Nombre de la editorial, distribuidor, etc. Divulgaciones Científicas SA,
Fecha de publicación 2001
300 ## - DESCRIPCION FISICA
Extensión v. :
310 ## - FRECUENCIA ACTUAL DE LA PUBLICACION
Frecuencia actual de la publicación mensual
546 ## - NOTA DE IDIOMA
Nota de lenguaje Texto en español
590 ## - NOTAS LOCALES (RLIN)
Nota local Existencias: 2001 1(1)
590 ## - NOTAS LOCALES (RLIN)
Nota local Indexada en Latindex
650 ## - MATERIA-TERMINO TEMATICO
Término temático MEDICINA INTERNA
9 (RLIN) 1738
856 ## - LOCALIZACION ELECTRONICA Y ACCESO
Identificador Uniforme de Recurso (URI) <a href="http://www.annals.com.ar">http://www.annals.com.ar</a>
942 ## - ADDED ENTRY ELEMENTS (KOHA)
Source of classification or shelving scheme Dewey Decimal Classification
Item type Continuing Resources

No hay ítems disponibles.


UNIVERSIDAD NACIONAL DEL COMAHUE
Biblioteca de la Facultad de Ciencias Médicas
Sede Toschi: Los Arrayanes y Av. Toschi, Cipolletti  - Rio Negro
Sede Los Tordos:  Yrigoyen al 2211, Cipolletti - Rio Negro 

Teléfono: 0299 - 4774707 int 25
Contacto: biblioteca@facimed.uncoma.edu.ar
© 2011 - 2026